Špinavé básne

Bibliographic Details
Main Author: Litvák, Ján, 1965- (Author)
Format: Article
Language:Slovak
PhysicalDescription:Fotogr.
ISSN:1336-4316
Subjects:

MARC

LEADER 00000nab a2200000 a 4500
001 vtls010074616
003 SK-MaSNL
005 20260303220247.0
008 140403c2009 xo |r|||||||||000 b|slo
015 |a SNBRB2010/03  |2 snkbucl 
038 |a SNKBUCL 
040 |a SNKBUCL  |b slo  |c SNKBUCL  |e AACR2 
041 0 |a slo 
044 |a xo  |c SK 
080 |a 821.162.4-1  |2 2001 
100 1 |a Litvák, Ján,  |d 1965-  |4 aut  |9 100526 
245 1 0 |a Špinavé básne  |c Ján Litvák 
300 |b Fotogr. 
500 |a Autorská poznámka 
500 |a Blok obsahuje 9 básní 
650 0 7 |a slovenská poézia  |2 snkbucl  |9 215422 
740 0 2 |a Perzská 
740 0 2 |a Rada, ktorú dávam nerád 
740 0 2 |a Dom 
740 0 2 |a Tyrania tárania 
740 0 2 |a V obchodnom dome 
740 0 2 |a V librese 
740 0 2 |a Šúpači 
740 0 2 |a Špinavé básne 
740 0 2 |a Zver 
773 0 |t Fragment  |g Roč. XXIII, č. 3-4 (2009), s. 61-71  |x 1336-4316 
852 |a SNK  |b KIS3GCP 
958 |a LX 
958 |a SK 
999 |c 2226113  |d 2228043